CAROUSEL - Travis Scott Feat. Frank Ocean - All Lyrics - Statistics

General Stats
  • This quiz has been taken 21 times
  • The average score is 206 of 394
Answer Stats
Answer % Correct
I
100%
a
94%
(Ooh)
94%
(Ooh,
94%
ooh)
94%
the
94%
uh
94%
Brand
89%
brand
89%
new,
89%
new
89%
New
89%
need
78%
Need
78%
so
78%
so,
78%
to
78%
vacation,
78%
cold,
72%
Don't
72%
don't
72%
Go
72%
go
72%
in,
72%
in
72%
it
72%
it,
72%
no
72%
Days
67%
days
67%
got
67%
Got
67%
Icy
67%
icy
67%
is
67%
it's
67%
on
67%
out
67%
out,
67%
place
67%
replacement,
67%
This
67%
this
67%
world,
67%
you
67%
All
61%
all
61%
as
61%
I'm
61%
my
61%
tail
61%
talkin'
61%
they
61%
They
61%
(Yah)
61%
Yeah,
61%
yeah
61%
(Yeah)
61%
(Yeah,
61%
yeah)
61%
Yeah
61%
about,
56%
came
56%
get
56%
me
56%
sky
56%
takin'
56%
too
56%
water
56%
we
56%
We
56%
at
50%
breath
50%
Mixing
50%
money
50%
Parked
50%
see
50%
therapist
50%
visible
50%
with
50%
ask
44%
basement
44%
Bitch,
44%
cheese
44%
face
44%
from
44%
if
44%
lights
44%
making
44%
okay
44%
outgrew
44%
soon
44%
that's
44%
these
44%
aging
39%
ain't
39%
bands,
39%
be
39%
blue
39%
Blue
39%
keep
39%
like
39%
pertainin'?
39%
speed
39%
way,
39%
black
33%
Bustin'
33%
cash
33%
did
33%
flash,
33%
flash
33%
gang,
33%
growth,
33%
Inn,
33%
minimal
33%
of
33%
Put
33%
put
33%
smoke,
33%
species,
33%
though
33%
Bet
28%
better
28%
Better
28%
Boy,
28%
demons
28%
drive-thru
28%
free
28%
Just
28%
live
28%
mold,
28%
('Poke),
28%
pray,
28%
road
28%
spoke
28%
street,
28%
Trying
28%
two
28%
was
28%
wings,
28%
wings
28%
504,
22%
'84s
22%
Alamo
22%
and
22%
bitin',
22%
bitin'
22%
caved
22%
doors
22%
Even
22%
feel
22%
hesitatin'
22%
lock
22%
methamphetamines
22%
might
22%
movin'
22%
old
22%
paranoid,
22%
said
22%
snow
22%
soak
22%
think
22%
thought
22%
what's
22%
by,
17%
Come
17%
down
17%
for
17%
gate
17%
home,
17%
invadin'
17%
Landing
17%
lanes,
17%
leaves
17%
right
17%
silence
17%
slow
17%
springs
17%
swings
17%
their
17%
What're
17%
cadence
11%
drown
11%
fades
11%
Moving
11%
reach
11%
ride
11%
Some
11%
tote
11%
Vogue,
11%
white
11%
both
6%
carats
6%
caught
6%
Copy
6%
diamonds,
6%
downwind,
6%
hit
6%
lose
6%
mean
6%
M-E-D,
6%
parrot
6%
('Pokes),
6%
round
6%
Saké
6%
scrape,
6%
sound,
6%
spokes
6%
Sprinkling
6%
stage,
6%
Talons
6%
toad
6%
No matching quizzes found
Score Distribution
Percent of People with Each Score
Percentile by Number Answered
Your Score History
You have not taken this quiz